Missing Word: Movies with Punctuation Quiz Stats

 Plays Quiz Updated Jul 2, 2016

Challenge
Share
Tweet
Embed
Score 0/18 Timer 03:00
0 Plays Today
Movie Title Answer % Correct
Schindler's ____List
98.2%
The Hunger ____: Catching FireGames
98%
E.T. the ____-TerrestrialExtra
97.7%
One Flew Over the Cuckoo's ____Nest
97.3%
____ + JulietRomeo
97%
Crouching _____, Hidden DragonTiger
96.3%
____-HurBen
95.7%
All the President's ____Men
93.9%
Dude, Where's My ____?Car
91.1%
Movie Title Answer % Correct
O ____, Where Art Thou?Brother
89.7%
____/OffFace
81.7%
*____ not includedbatteries
81%
Who's Afraid of Virginia ____?Woolf
79.3%
Lock, Stock and Two _____ BarrelsSmoking
77.9%
The Lord of the Rings: The ____ of the RingFellowship
76.1%
Master and ____: The Far Side of the WorldCommander
73.7%
____/NixonFrost
72.7%
Birdman or (The Unexpected Virtue of ____)Ignorance
27.4%

Today's Daily Dose

Missing Word
Hayao Miyazaki

Word Ladder
Florida

On This Day
December 13th II

You're not logged in!

Compare scores with friends on all Sporcle quizzes.
OR
Log In

You Might Also Like...

Show Comments

Extras

Top Quizzes Today


Score Distribution

Your Account Isn't Verified!

In order to create a playlist on Sporcle, you need to verify the email address you used during registration. Go to your Sporcle Settings to finish the process.

Report this User

Report this user for behavior that violates our Community Guidelines.

Details: